Fan Cluby Ruchu Chorzów - Statystyki

Ogólne statystyki
  • Ten quiz został rozwiązany 43 razy
  • Średni wynik to 11 z 20
Statystyki odpowiedzi
Miasto % Poprawnych
Katowice
100%
Chorzów
81%
Ruda Śląska
81%
Bytom
75%
Mikołów
69%
Siemianowice Śląskie
69%
Świętochłowice
67%
Piekary Śląskie
64%
Mysłowice
61%
Żory
58%
Gliwice
56%
Radlin
56%
Jaworzno
53%
Łaziska Górne
42%
Racibórz
42%
Tarnowskie Góry
42%
Myszków
39%
Zawiercie
36%
Orzesze
25%
Pszów
25%
Nie znaleziono quizów pasujących do podanych kryteriów
Rozkład punktacji
Procent ludzi z każdym wynikiem
Percentyl według liczby udzielonych odpowiedzi
Twoja historia wyników
Nie rozwiązałeś tego quizu